<?xml version="1.0" encoding="UTF-8"?>
<collection xmlns="http://www.loc.gov/MARC21/slim">
    <record>
        <controlfield tag="001">65612</controlfield>
        <controlfield tag="005">20180720082356.0</controlfield>
        <datafield tag="024" ind1="8" ind2=" ">
            <subfield code="2">sideral</subfield>
            <subfield code="a">104408</subfield>
        </datafield>
        <datafield tag="037" ind1=" " ind2=" ">
            <subfield code="a">ART-2017-104408</subfield>
        </datafield>
        <datafield tag="041" ind1=" " ind2=" ">
            <subfield code="a">spa</subfield>
        </datafield>
        <datafield tag="100" ind1=" " ind2=" ">
            <subfield code="0">(orcid)0000-0002-7105-4618</subfield>
            <subfield code="a">Portillo Tarragona, María Pilar</subfield>
            <subfield code="u">Universidad de Zaragoza</subfield>
        </datafield>
        <datafield tag="245" ind1=" " ind2=" ">
            <subfield code="a">La Eco-innovación en la empresa: características financieras y organización</subfield>
        </datafield>
        <datafield tag="260" ind1=" " ind2=" ">
            <subfield code="c">2017</subfield>
        </datafield>
        <datafield tag="506" ind1="0" ind2=" ">
            <subfield code="a">Access copy available to the general public</subfield>
            <subfield code="f">Unrestricted</subfield>
        </datafield>
        <datafield tag="520" ind1="3" ind2=" ">
            <subfield code="a">La innovación tecnológica es, sin duda, el camino más prometedor hacia la sostenibilidad (Ehrenfeld, 2005). En la práctica industrial, las mejoras en los procesos, productos y servicios se han dirigido paulatinamente en los últimos decenios hacia la eficiencia en el uso de los recursos y la disminución de los impactos medioambientales en las inversiones en innovación, de allí el incremento de los avances en eco-innovación.
En la literatura existen diversas definiciones de ecoinnovación, que a efectos de este trabajo se considera como el proceso de desarrollo de nuevas ideas, comportamientos, productos y procesos que contribuyan a la reducción de cargas o la consecución de objetivos de carácter medioambiental (Rennings, 2000).
En los últimos an~os estamos asistiendo a un cambio de paradigma en favor de un crecimiento sostenible apoyado en la innovación y en una administración más eficiente de los recursos. La propia Comisión Europea adoptó en 2010 la Estrategia Europa 2020, entre cuyas iniciativas para Europa destacan una utilización eficaz de los recursos y un crecimiento basado en la Innovación (Comisión Europea, 2010), reconociendo la importante función que desempen~aría la eco-innovación en la consecución de objetivos medioambientales a través de la innovación.</subfield>
        </datafield>
        <datafield tag="536" ind1=" " ind2=" ">
            <subfield code="9">info:eu-repo/grantAgreement/ES/MINECO/ECO2013-45599-R</subfield>
        </datafield>
        <datafield tag="540" ind1=" " ind2=" ">
            <subfield code="9">info:eu-repo/semantics/openAccess</subfield>
            <subfield code="a">by-nc</subfield>
            <subfield code="u">http://creativecommons.org/licenses/by-nc/3.0/es/</subfield>
        </datafield>
        <datafield tag="655" ind1=" " ind2="4">
            <subfield code="a">info:eu-repo/semantics/article</subfield>
            <subfield code="v">info:eu-repo/semantics/publishedVersion</subfield>
        </datafield>
        <datafield tag="700" ind1=" " ind2=" ">
            <subfield code="0">(orcid)0000-0001-7077-5352</subfield>
            <subfield code="a">Scarpellini, Sabina</subfield>
            <subfield code="u">Universidad de Zaragoza</subfield>
        </datafield>
        <datafield tag="700" ind1=" " ind2=" ">
            <subfield code="a">Marín Vinuesa, Luz María</subfield>
        </datafield>
        <datafield tag="710" ind1="2" ind2=" ">
            <subfield code="1">4002</subfield>
            <subfield code="2">230</subfield>
            <subfield code="a">Universidad de Zaragoza</subfield>
            <subfield code="b">Dpto. Contabilidad y Finanzas</subfield>
            <subfield code="c">Área Economía Finan. y Contab.</subfield>
        </datafield>
        <datafield tag="773" ind1=" " ind2=" ">
            <subfield code="g">65 (2017), 10-15</subfield>
            <subfield code="p">Gestión (Murcia)</subfield>
            <subfield code="t">Gestión (Murcia)</subfield>
            <subfield code="x">1137-6317</subfield>
        </datafield>
        <datafield tag="856" ind1="4" ind2="1">
            <subfield code="u">http://economistasmurcia.org/coldata/upload/publicaciones/GESTION%20REVISTA%20DE%20ECONOMIA%2065.pdf</subfield>
            <subfield code="z">Texto completo de la revista</subfield>
        </datafield>
        <datafield tag="856" ind1="4" ind2=" ">
            <subfield code="s">396409</subfield>
            <subfield code="u">http://zaguan.unizar.es/record/65612/files/texto_completo.pdf</subfield>
            <subfield code="y">Versión publicada</subfield>
        </datafield>
        <datafield tag="856" ind1="4" ind2=" ">
            <subfield code="s">69359</subfield>
            <subfield code="u">http://zaguan.unizar.es/record/65612/files/texto_completo.jpg?subformat=icon</subfield>
            <subfield code="x">icon</subfield>
            <subfield code="y">Versión publicada</subfield>
        </datafield>
        <datafield tag="909" ind1="C" ind2="O">
            <subfield code="o">oai:zaguan.unizar.es:65612</subfield>
            <subfield code="p">articulos</subfield>
            <subfield code="p">driver</subfield>
        </datafield>
        <datafield tag="951" ind1=" " ind2=" ">
            <subfield code="a">2018-07-20-08:23:24</subfield>
        </datafield>
        <datafield tag="980" ind1=" " ind2=" ">
            <subfield code="a">ARTICLE</subfield>
        </datafield>
    </record>

    
</collection>